| 000 | 01057cam a2200301 a 4500 | ||
|---|---|---|---|
| 999 |
_c10337 _d10337 |
||
| 001 | 1030045 | ||
| 003 | GZU | ||
| 005 | 20220217183556.0 | ||
| 008 | 881122s1988 enkaf b 001 0 eng | ||
| 010 | _a 88204045 | ||
| 020 |
_a085255320X : _c£4.95 |
||
| 040 |
_aDLC _cDLC _dDLC |
||
| 043 | _af-sx--- | ||
| 050 | 0 | 0 |
_aDT1645 _b.KAT 1988 |
| 100 | 1 |
_aKatjaviv, Peter H. _eauthor |
|
| 245 | 1 | 2 |
_aA history of resistance in Namibia / _cPeter H. Katjavivi. |
| 260 |
_aLondon : _bJ. Currey ; _aAddis Ababa : _bOAU, Inter-African Cultural Fund ; _aParis : _bUnesco Press, _c1988. |
||
| 300 |
_axvi, 152 p., [16] p. of plates : _bill. ; _c22 cm. |
||
| 440 | 0 | _aApartheid & society | |
| 504 | _aIncludes bibliographic references and index. | ||
| 610 | 2 | 0 | _aSWAPO. |
| 650 | 0 |
_aGovernment, Resistance to _zNamibia. |
|
| 651 | 0 |
_aNamibia _xHistory _y1946-1990. |
|
| 651 | 0 |
_aNamibia _xHistory. |
|
| 906 |
_a7 _bcbc _corignew _d2 _encip _f19 _gy-gencatlg |
||
| 942 |
_2lcc _cBK _h714 _iKAT _kDT |
||